Statistics for 2023-24 La Liga First XI

Click here to take the quiz!

General Stats

  • This quiz has been taken 342 times
  • The average score is 85 of 220

Answer Stats

TeamPlayer% Correct
Real MadridVinícius Júnior
94%
Real MadridJude Bellingham
93%
Real MadridRodrygo
93%
Real MadridFederico Valverde
92%
Real MadridDavid Alaba
91%
Real MadridEduardo Camavinga
91%
BarcelonaMarc-André ter Stegen
91%
BarcelonaRobert Lewandowski
91%
Real MadridAndriy Lunin
89%
Real MadridAurélien Tchouaméni
89%
Atlético MadridJan Oblak
89%
Real MadridDani Carvajal
88%
Real MadridÉder Militão
88%
BarcelonaPedri
88%
Atlético MadridAntoine Griezmann
87%
BarcelonaFrenkie de Jong
87%
BarcelonaJules Koundé
86%
BarcelonaAndreas Christensen
85%
BarcelonaRonald Araújo
85%
Barcelonaİlkay Gündoğan
83%
BarcelonaRaphinha
82%
Atlético MadridStefan Savić
82%
Real BetisAbner Vinícius
81%
SevillaYassine Bounou
81%
Real MadridFran García
80%
Athletic ClubIñaki Williams
80%
Athletic ClubNico Williams
80%
Atlético MadridÁlvaro Morata
79%
OsasunaDavid García
77%
GironaAleix García
76%
BarcelonaAlejandro Balde
75%
Rayo VallecanoÁlvaro García
75%
Atlético MadridRodrigo De Paul
75%
OsasunaRubén García
75%
Real SociedadTakefusa Kubo
75%
SevillaIvan Rakitić
73%
Atlético MadridKoke
73%
Atlético MadridThomas Lemar
70%
Celta VigoIago Aspas
68%
SevillaYoussef En-Nesyri
68%
Athletic ClubUnai Simón
67%
Real SociedadMikel Oyarzabal
66%
Atlético MadridMario Hermoso
65%
Atlético MadridYannick Carrasco
65%
SevillaMarcos Acuña
62%
VillarrealAlexander Sørloth
60%
Atlético MadridMarcos Llorente
60%
Real BetisRui Silva
59%
SevillaFernando
58%
ValenciaGiorgi Mamardashvili
56%
SevillaJesús Navas
56%
VillarrealGerard Moreno
55%
VillarrealAlberto Moreno
53%
SevillaLucas Ocampos
53%
SevillaNemanja Gudelj
52%
VillarrealDani Parejo
51%
CádizRoger Martí
51%
Real BetisGuido Rodríguez
50%
BarcelonaOriol Romeu
49%
Real SociedadÁlex Remiro
48%
MallorcaDani Rodríguez
48%
OsasunaMoi Gómez
48%
Real SociedadRobin Le Normand
48%
GironaCristhian Stuani
47%
GironaDaley Blind
47%
GetafeDamián Suárez
47%
Las PalmasKirian Rodríguez
47%
AlmeríaLuis Suárez
47%
GironaArnau Martínez
46%
Real BetisBorja Iglesias
46%
GetafeDjené
46%
Real SociedadMartín Zubimendi
46%
Athletic ClubUnai Gómez
46%
MallorcaVedat Muriqi
46%
GironaYangel Herrera
46%
GironaDavid López
45%
ValenciaDiego López
45%
Athletic ClubIker Muniain
45%
OsasunaSergio Herrera
45%
Rayo VallecanoUnai López
45%
VillarrealAïssa Mandi
44%
Las PalmasJosé Alejandro Suarez
44%
Real SociedadCarlos Fernández
43%
SevillaErik Lamela
43%
SevillaLoïc Badé
43%
Real SociedadHamari Traoré
42%
GetafeJuan Iglesias
42%
ValenciaJosé Gayà
41%
Real BetisYoussouf Sabaly
41%
VillarrealJuan Foyth
40%
MallorcaPredrag Rajković
40%
ValenciaGabriel Paulista
39%
GironaSávio
39%
ValenciaFran Pérez
38%
Real BetisGermán Pezzella
38%
SevillaSuso
38%
Real BetisAyoze Pérez
37%
CádizJeremías Ledesma
37%
ValenciaMouctar Diakhaby
37%
OsasunaAnte Budimir
36%
Rayo VallecanoAridane Hernández
36%
Celta VigoCarles Pérez
36%
GetafeDavid Soria
36%
Real BetisIsco
36%
GironaPaulo Gazzaniga
36%
ValenciaThierry Correia
36%
Athletic ClubÓscar de Marcos
35%
Celta VigoJørgen Strand Larsen
33%
Real SociedadBrais Méndez
32%
Atlético MadridCésar Azpilicueta
32%
CádizChris Ramos
32%
AlmeríaEdgar Gonzalez
31%
GetafeGastón Álvarez
31%
MallorcaGiovanni González
31%
MallorcaJaume Costa
30%
CádizJavi Hernández
30%
Celta VigoJonathan Bamba
30%
Celta VigoJoseph Aidoo
30%
CádizLuis Hernández
30%
GetafeNemanja Maksimović
30%
ValenciaHugo Duro
29%
Real BetisLuiz Felipe
29%
Rayo VallecanoStole Dimitrievski
29%
Real SociedadIgor Zubeldia
28%
OsasunaJohan Mojica
26%
GironaYan Couto
26%
Rayo VallecanoFlorian Lejeune
25%
CádizDarwin Machís
24%
GetafeDomingos Duarte
24%
VillarrealFilip Jörgensen
24%
Athletic ClubIñigo Ruiz de Galarreta
24%
GetafeJaime Mata
24%
AlmeríaLargie Ramazani
24%
AlmeríaLucas Robertone
24%
GironaMiguel Gutiérrez
24%
Deportivo AlavésRubén Duarte
24%
Rayo VallecanoIván Balliu
23%
GetafeStefan Mitrović
23%
Athletic ClubDaniel Vivian
22%
Las PalmasJonathan Viera
22%
Rayo VallecanoÓscar Trejo
22%
ValenciaPepelu
22%
Las PalmasSaúl Coco
22%
VillarrealÁlex Baena
21%
Celta VigoFran Beltrán
21%
Rayo VallecanoIsi Palazón
21%
Real BetisLuiz Henrique
21%
GranadaMyrto Uzuni
21%
MallorcaPablo Maffeo
21%
Celta VigoUnai Núñez
21%
Real SociedadAihen Muñoz
20%
Rayo VallecanoAlfonso Espino
20%
Las PalmasÁlvaro Valles
20%
ValenciaAndré Almeida
20%
Las PalmasJavier Muñoz
20%
MallorcaMartin Valjent
20%
Celta VigoIván Villar
19%
Celta VigoÓscar Mingueza
19%
Las PalmasSandro Ramírez
19%
GranadaSergio Ruiz
19%
Deportivo AlavésAntonio Blanco
18%
ValenciaCenk Özkacar
18%
CádizFali
18%
OsasunaJon Moncayola
18%
Athletic ClubMikel Vesga
18%
Rayo VallecanoRandy Nteka
18%
OsasunaAimar Oroz
17%
Athletic ClubAitor Paredes
17%
Deportivo AlavésAntonio Sivera
17%
GetafeCarles Aleñá
17%
Athletic ClubIñigo Lekue
17%
GranadaJosé Callejón
17%
Deportivo AlavésLuis Rioja
17%
MallorcaAmath Ndiaye
16%
AlmeríaIddrisu Baba
16%
Deportivo AlavésRafa Marín
16%
AlmeríaAdri Embarba
15%
OsasunaAlejandro Catena
15%
Deportivo AlavésAndoni Gorosabel
15%
Las PalmasDaley Sinkgraven
15%
Las PalmasEnzo Loiodice
15%
VillarrealJorge Cuenca
15%
VillarrealSanti Comesaña
15%
GironaViktor Tsyhankov
15%
Real SociedadBeñat Turrientes
14%
Celta VigoFranco Cervi
14%
GetafeJuanmi Latasa
14%
Real BetisMarc Roca
14%
OsasunaRubén Peña
14%
GranadaSamuel Omorodion
14%
Deportivo AlavésAbdel Abqar
13%
CádizIván Alejo
13%
GranadaJesús Vallejo
13%
Deportivo AlavésJon Guridi
13%
MallorcaJosé Manuel Copete
13%
Las PalmasMarc Cardona
13%
AlmeríaSergio Akieme
13%
Deportivo AlavésAnder Guevara
12%
GranadaAndré Ferreira
12%
GranadaIgnasi Miquel
12%
AlmeríaLázaro
12%
OsasunaLucas Torró
12%
Rayo VallecanoÓscar Valentín
12%
AlmeríaSrđan Babić
12%
AlmeríaAlejandro Pozo
11%
Deportivo AlavésAleksandar Sedlar
11%
CádizRubén Alcaraz
11%
GranadaCarlos Neva
10%
AlmeríaDiego Mariño
10%
CádizFede San Emeterio
10%
CádizIza Carcelén
10%
MallorcaManuel Morlanes
9%
MallorcaOmar Mascarell
9%
Las PalmasÁlvaro Lemos
8%
GranadaGerard Gumbau
8%
GranadaÓscar Melendo
8%
VillarrealRamon Terrats
8%
Celta VigoHugo Sotelo
7%
Deportivo AlavésMiguel de la Fuente
7%
GranadaMiguel Rubio
5%

Score Distribution

Percentile by Number Answered

Percent of People with Each Score

Your Score History

You have not taken this quiz